000 00526 a2200205 4500
041 _aEng.
082 _a539.12
_bM437m
100 _aMatveev, A. N.
_98448
245 _aMolecular physics
260 _aMoscow
_bMir Publishers
_c1985
300 _a448p.
_billus.
500 _aTr. from Russian by Natasha Deineko and Ram Wachwa
518 _a20100105
650 _aMoleculus
_97881
650 _aProbabilities
_94828
650 _aEnergy
_9590
650 _aThermodynamics
_97972
653 _aPhysics
942 _2ddc
_cGEN
999 _c50200
_d50196